14_神奈川県の市町村(ひらがな対応・五十音順) - Statistics

General Stats
  • This quiz has been taken 128 times
  • The average score is 28 of 33
Answer Stats
種類 市町村名 % Correct
横浜市
100%
川崎市
98%
海老名市
93%
相模原市
93%
横須賀市
93%
小田原市
91%
逗子市
91%
茅ヶ崎市
90%
鎌倉市
89%
平塚市
89%
藤沢市
89%
厚木市
88%
三浦市
88%
大磯町
86%
大井町
86%
大和市
85%
綾瀬市
84%
葉山町
84%
二宮町
83%
箱根町
83%
伊勢原市
81%
秦野市
80%
開成町
79%
真鶴町
79%
湯河原町
79%
山北町
78%
愛川町
77%
座間市
74%
南足柄市
74%
松田町
73%
清川村
70%
寒川町
70%
中井町
65%
No matching quizzes found
Score Distribution
Percent of People with Each Score
Percentile by Number Answered
Your Score History
You have not taken this quiz